Tv shows by clue Quiz Stats

Quiz not verified by Sporcle

Challenge
Share
Tweet
Embed
Score 0/12 Timer 07:00
0 Plays Today
clue tv show % Correct
famous stars and professional dancers compete as couplesDancing with the Stars
96.1%
show about kids in high school in a glee clubGlee
91.7%
show about man telling his kids about how he met their motherHow I Met Your Mother
85.6%
singers sing a song every episode and get eliminated every weekAmerican Idol
85.1%
show about overweight people competing and trying to lose weightThe Biggest Loser
84.5%
a show about a woman who is a mom, a successful career woman, dating, and living in Florida in a town where Cougar High School isCougar Town
79.6%
show about amateur designers compete in challenges to get money to start their own line Project Runway
56.4%
show about chefs in a certain city that make food to compete for prizesTop Chef
49.7%
show about women in different parts of the country an lots of drama goes onReal Housewives
42%
show about a women in middle-class, living in the middle of the country and is approaching middle age with a husband and three kidsThe Middle
32.6%
a show about a woman who is a single mother and returns home to her parents Parenthood
27.6%
a woman with a son is trying to date men because her ex-husband is already engagedRomantically Challenged
1.7%

You're not logged in!

Compare scores with friends on all Sporcle quizzes.
Sign Up with Email
OR
Log In

You Might Also Like...

Show Comments

Extras

Top Quizzes Today


Score Distribution

Your Account Isn't Verified!

In order to create a playlist on Sporcle, you need to verify the email address you used during registration. Go to your Sporcle Settings to finish the process.